000 00705nam a2200241Ia 4500
003 OSt
005 20220928130556.0
006 a|||||r|||| 00| 0
007 ta
008 220927b |||||||| |||| 00| 0 eng d
024 _a94563
037 _cTextual
040 _aSDCL
_cSDCL
_beng
041 _2eng
_aeng
082 _aV5'F, J2.1-.2
100 _aPrevite-Orton C W
_9431395
245 0 _aShorter Cambridge Medieval History
260 _aLondon
_bSyndics of the Combridge University Press
_c1952
300 _axxi,643p
_ccm.
490 _vV1: Later Roman empire to the twelth century.xxi,643p
942 _hV5'F, J2.1-.2
_cTEXL
_2CC
999 _c787290
_d787290